Recenzia vysokoškolskej učebnice Sedlák, M. a kol.: Podnikové hospodárstvo
Autor sa zameral na problematiku podnikového hospodárstva, čím výrazne prispel k zaplneniu medzery, ktorú v období prechodu na trhové hospodárstvo pociťujeme v tejto oblasti odbornej literatúry. Rozčlenenie publikácie na šesť častí, ktoré na seba nadväzujú. Charakteristika jednotlivých častí - zamer...
Salvato in:
| Autore principale: | |
|---|---|
| Natura: | Capitolo di libro |
| Lingua: | slovacco |
| Soggetti: | |
| Tags: |
Nessun Tag, puoi essere il primo ad aggiungerne!!
|
MARC
| LEADER | 00000naa$a2200000$$$4500 | ||
|---|---|---|---|
| 001 | 0075771 | ||
| 005 | 20160422095044.7 | ||
| 041 | 0 | |a slo | |
| 044 | |a SK | ||
| 245 | 1 | 0 | |a Recenzia vysokoškolskej učebnice Sedlák, M. a kol.: Podnikové hospodárstvo |c Vladislav Bachár |
| 520 | |a Autor sa zameral na problematiku podnikového hospodárstva, čím výrazne prispel k zaplneniu medzery, ktorú v období prechodu na trhové hospodárstvo pociťujeme v tejto oblasti odbornej literatúry. Rozčlenenie publikácie na šesť častí, ktoré na seba nadväzujú. Charakteristika jednotlivých častí - zameranie sa na tie, ktoré predstavujú významný vklad autorov do skúmanej oblasti. | ||
| 610 | 2 | 0 | |a recenzie |
| 610 | 2 | 0 | |a hospodárstvo podnikové |
| 610 | 2 | 0 | |a učebnice |
| 610 | 2 | 0 | |a školy vysoké |
| 100 | 1 | |a Bachár, Vladislav | |